Pre-feasibility study on implementing an integrated solid waste management system in the proposed Metro Dumaguete area / (Record no. 6212)
[ view plain ]
| 000 -LEADER | |
|---|---|
| fixed length control field | 02704nam a22003857a 4500 |
| 003 - CONTROL NUMBER IDENTIFIER | |
| control field | OSt |
| 005 - DATE AND TIME OF LATEST TRANSACTION | |
| control field | 20260602100919.0 |
| 007 - PHYSICAL DESCRIPTION FIXED FIELD--GENERAL INFORMATION | |
| fixed length control field | a |
| 008 - FIXED-LENGTH DATA ELEMENTS--GENERAL INFORMATION | |
| fixed length control field | 260602b |||||||| |||| 00| 0 eng d |
| 040 ## - CATALOGING SOURCE | |
| Original cataloging agency | Foundation University |
| Language of cataloging | eng |
| Transcribing agency | Foundation University |
| Description conventions | rda |
| 050 ## - LIBRARY OF CONGRESS CALL NUMBER | |
| Classification number | GS (MBA-FS) LG 221 D35 G73 |
| Item number | A5 B87 1998 M36 |
| 100 ## - MAIN ENTRY--PERSONAL NAME | |
| Personal name | Maningo, Edward V., |
| Relator term | author. |
| 9 (RLIN) | 16339 |
| 245 00 - TITLE STATEMENT | |
| Title | Pre-feasibility study on implementing an integrated solid waste management system in the proposed Metro Dumaguete area / |
| Statement of responsibility, etc. | by Edward V. Maningo. |
| 260 ## - PUBLICATION, DISTRIBUTION, ETC. | |
| Place of publication, distribution, etc. | Dumaguete City : |
| Name of publisher, distributor, etc. | Foundation University, |
| Date of publication, distribution, etc. | 1998. |
| 264 ## - PRODUCTION, PUBLICATION, DISTRIBUTION, MANUFACTURE, AND COPYRIGHT NOTICE | |
| Copyright Date | 1998. |
| 300 ## - PHYSICAL DESCRIPTION | |
| Materials specified | feasibility study |
| Extent | xv, 64 leaves : |
| Other physical details | ill. (some color.) ; photographs ; |
| Dimensions | 28 cm. |
| Type of unit | leaves |
| 336 ## - CONTENT TYPE | |
| Materials specified | rdacontent |
| Content type term | text |
| Content type code | txt |
| 337 ## - MEDIA TYPE | |
| Materials specified | rdamedia |
| Media type term | unmediated |
| Media type code | n |
| 338 ## - CARRIER TYPE | |
| Source | rdacarrier |
| Materials specified | MBA-FS |
| Carrier type term | volume |
| Carrier type code | nc |
| 490 ## - SERIES STATEMENT | |
| Series statement | MBA-FS |
| 500 ## - GENERAL NOTE | |
| General note | Feasibility study submitted to Foundation University. |
| 502 ## - DISSERTATION, THESIS NOTE | |
| Dissertation note | Graduate feasibility study (Master in Business Administration) -- Foundation University, 1998. |
| 504 ## - BIBLIOGRAPHY, ETC. NOTE | |
| Bibliography, etc. note | Includes bibliographical references and appendixes. |
| 520 ## - ABSTRACT. | |
| Abstract | Abstract<br/>This pre-feasibility study assessed the viability of implementing an integrated solid waste management system in the proposed Metro Dumaguete area. The study examined waste generation, collection, segregation, recycling, disposal practices, institutional arrangements, and inter-local government cooperation in addressing solid waste concerns. It evaluated possible strategies for sustainable waste management, resource recovery, environmental protection, and compliance with ecological waste management policies. The findings were intended to support planning and decision-making for a coordinated solid waste management program among local government units within the Metro Dumaguete area. The concept of a Metro Dumaguete solid waste management program was developed through inter-LGU collaboration among Dumaguete City and neighboring municipalities to promote resource sharing and sustainable waste management practices. :contentReference[oaicite:0]{index=0} |
| 650 ## - SUBJECT ADDED ENTRY--TOPICAL TERM | |
| Topical term or geographic name entry element | Solid waste management |
| Geographic subdivision | Philippines. |
| 9 (RLIN) | 16942 |
| 650 ## - SUBJECT ADDED ENTRY--TOPICAL TERM | |
| Topical term or geographic name entry element | Refuse and refuse disposal. |
| 9 (RLIN) | 16943 |
| 650 ## - SUBJECT ADDED ENTRY--TOPICAL TERM | |
| Topical term or geographic name entry element | Waste minimization. |
| 9 (RLIN) | 16944 |
| 650 ## - SUBJECT ADDED ENTRY--TOPICAL TERM | |
| Topical term or geographic name entry element | Environmental management. |
| 9 (RLIN) | 16894 |
| 650 ## - SUBJECT ADDED ENTRY--TOPICAL TERM | |
| Topical term or geographic name entry element | Recycling (Waste, etc.) |
| 9 (RLIN) | 16945 |
| 650 ## - SUBJECT ADDED ENTRY--TOPICAL TERM | |
| Topical term or geographic name entry element | Sustainable development. |
| 9 (RLIN) | 5988 |
| 658 ## - INDEX TERM--CURRICULUM OBJECTIVE | |
| Main curriculum objective | Capstone/Thesis Writing 2 : |
| Subordinate curriculum objective | Business Administration, Master in. |
| Curriculum code | MBA214 |
| 711 ## - ADDED ENTRY--MEETING NAME | |
| Meeting name or jurisdiction name as entry element | Foundation University, |
| Subordinate unit | issuing body. |
| 9 (RLIN) | 16705 |
| 900 #0 - CIA (Compiler, Indexer, Abstractor) | |
| Relator code | Sapalaran, James O., cataloger |
| 942 ## - ADDED ENTRY ELEMENTS (KOHA) | |
| Source of classification or shelving scheme | Library of Congress Classification |
| Koha item type | Feasibility Study |
| Classification part | LG 221 D35 G73 |
| Item part | A5 B87 1998 M36 |
| Call number prefix | GS (MBA-FS) |
| Suppress in OPAC | No |
| Withdrawn status | Lost status | Source of classification or shelving scheme | Damaged status | Not for loan | Home library | Current library | Shelving location | Date acquired | Source of acquisition | Total Checkouts | Full call number | Barcode | Date last seen | Price effective from | Koha item type | Accession Number |
|---|---|---|---|---|---|---|---|---|---|---|---|---|---|---|---|---|
| Library of Congress Classification | Foundation University Library | Foundation University Library | Capstone, BP, FS | 06/02/2026 | Donated | GS (MBA-FS) LG 221 D35 G73 A5 B87 1998 M36 | 092024003003 | 06/02/2026 | 06/02/2026 | Feasibility Study | MBA-FS-2026047 |
